书目信息 |
| 题名: |
名言佳句辞典
|
|
| 作者: | 刘振远 主编 | |
| 分册: | ||
| 出版信息: | 北京 商务印书馆国际有限公司 2019 |
|
| 页数: | 526页 | |
| 开本: | 21cm | |
| 丛书名: | ||
| 单 册: | ||
| 中图分类: | H033.3-61 | |
| 科图分类: | ||
| 主题词: | 格言--Ge Yan--世界--汇编 | |
| 电子资源: | ||
| ISBN: | 978-7-5176-0125-8 | |
| 000 | 00839nam0 2200253 45 | |
| 001 | 012001010832 | |
| 005 | 20131104094243.0 | |
| 010 | @a978-7-5176-0125-8@dCNY35.00 | |
| 099 | @aCAL 012016078037 | |
| 100 | @a20160628d2016 em y0chiy50 ea | |
| 101 | 0 | @achi |
| 102 | @aCN@b110000 | |
| 105 | @ay z 001yy | |
| 106 | @ar | |
| 200 | 1 | @a名言佳句辞典@AMing Yan Jia Ju Ci Dian@f刘振远主编 |
| 210 | @a北京@c商务印书馆国际有限公司@d2019 | |
| 215 | @a526页@d21cm | |
| 320 | @a有索引 | |
| 330 | @a本书精选古今中外流传广影响大的名言佳句11200余条。内容涉及生活、情感、社会、道德、奋斗、幸福、知识、学习、教育爱国、文学、艺术、四季、时间、自然等111类。 | |
| 606 | 0 | @a格言@AGe Yan@y世界@j汇编 |
| 690 | @aH033.3-61@v5 | |
| 701 | 0 | @a刘振远@ALiu Zhen Yuan@4主编 |
| 801 | 2 | @aCN@b上海新华@c20191020 |
| 905 | @b1182536-9@dH033.3-61@e91@f4 | |
| 名言佳句辞典/刘振远主编.-北京:商务印书馆国际有限公司,2019 |
| 526页;21cm |
| ISBN 978-7-5176-0125-8:CNY35.00 |
| 本书精选古今中外流传广影响大的名言佳句11200余条。内容涉及生活、情感、社会、道德、奋斗、幸福、知识、学习、教育爱国、文学、艺术、四季、时间、自然等111类。 |
| ● |
| 相关链接 |
|
|
|
|
正题名:名言佳句辞典
索取号:H033.3-61/91
 
预约/预借
| 序号 | 登录号 | 条形码 | 馆藏地/架位号 | 状态 | 备注 |
| 1 | 1182536 | 211825364 | 第二样本阅览室/ [索取号:H033.3-61/91] | 在馆 | |
| 2 | 1182537 | 211825373 | 第四借阅区/ [索取号:H033.3-61/91] | 在馆 | |
| 3 | 1182538 | 211825382 | 第四借阅区/ [索取号:H033.3-61/91] | 在馆 | |
| 4 | 1182539 | 211825391 | 第四借阅区/ [索取号:H033.3-61/91] | 在馆 |